000 00726nam a22002417a 4500
001 BR9510140
003 BR-BrBNA
005 20230928094814.0
007 ta
008 230509b bl.||||| |||| 00| 0 por d
040 _aBR-BrBNA
_bpor
_cBiblioteca Nacional de Agricultura
041 _a(Por)
072 _aE13
090 _ E13 BR9510140
110 1 _aSecretaria de Desenvolvimento Rural, Brasilia, DF (Brasil)
_98738
245 1 _aBalancete n.1 - Atualizado ate 26 Jul 1993. Execucao orcamentaria e financeira. exercicio 1993. Complementacao
260 3 _aBrasilia, DF (Brasil):
_c1993.
300 _a1 p.
650 _aOrcamento
650 _aFinanciamento
909 _a202309
_bLucia
_c55
_dLucia Elande
942 _cBK
999 _c52742
_d52742